Lavin's radiography for veterinary technicians / (Record no. 284)
[ view plain ]
| 000 -LEADER | |
|---|---|
| fixed length control field | 02551nam a22003617a 4500 |
| 001 - CONTROL NUMBER | |
| control field | 20557820 |
| 005 - DATE AND TIME OF LATEST TRANSACTION | |
| control field | 20230418090740.0 |
| 008 - FIXED-LENGTH DATA ELEMENTS--GENERAL INFORMATION | |
| fixed length control field | 230418b |||||||| |||| 00| 0 eng d |
| 010 ## - LIBRARY OF CONGRESS CONTROL NUMBER | |
| LC control number | 2018300990 |
| 020 ## - INTERNATIONAL STANDARD BOOK NUMBER | |
| International Standard Book Number | 9780323413671 (pbk.) |
| 020 ## - INTERNATIONAL STANDARD BOOK NUMBER | |
| International Standard Book Number | 9780323413671 (pbk.) |
| 040 ## - CATALOGING SOURCE | |
| Original cataloging agency | DLC |
| Transcribing agency | KMU |
| Modifying agency | KMU |
| 050 00 - LIBRARY OF CONGRESS CALL NUMBER | |
| Classification number | SF757.8 |
| Item number | .L38 2018 |
| 100 1# - MAIN ENTRY--PERSONAL NAME | |
| Personal name | Brown, Marg, |
| Relator term | author. |
| 245 10 - TITLE STATEMENT | |
| Title | Lavin's radiography for veterinary technicians / |
| Statement of responsibility, etc. | Marg Brown, RVT, BEd Ad Ed, formerly of Seneca College of Applied Arts and Technology, King City, Ontario, formerly of Penn Foster College, Scranton, Pennsylvania, Active Member, Ontario Association of Veterinary Technicians, Association of Veterinary Technician Educators, National Association of Veterinary Technicians in America, Lois C. Brown, RTR (CAn.USA), ACR, MSc., P.Phys, President, Xray Imaging Consultants Ltd., Orangeville, Ontario. |
| 246 30 - VARYING FORM OF TITLE | |
| Title proper/short title | Radiography for veterinary technicians |
| 250 ## - EDITION STATEMENT | |
| Edition statement | Sixth edition. |
| 264 #1 - PRODUCTION, PUBLICATION, DISTRIBUTION, MANUFACTURE, AND COPYRIGHT NOTICE | |
| Place of production, publication, distribution, manufacture | St. Louis, Missouri : |
| Name of producer, publisher, distributor, manufacturer | Elsevier, |
| Date of production, publication, distribution, manufacture, or copyright notice | [2018] |
| 300 ## - PHYSICAL DESCRIPTION | |
| Extent | xii, 627 pages.: |
| Other physical details | illustrations (chiefly color). ; |
| Dimensions | 28 cm. |
| 336 ## - CONTENT TYPE | |
| Content type term | text |
| Source | rdacontent |
| 337 ## - MEDIA TYPE | |
| Media type term | unmediated |
| Source | rdamedia |
| 338 ## - CARRIER TYPE | |
| Carrier type term | volume |
| Source | rdacarrier |
| 500 ## - GENERAL NOTE | |
| General note | Revised edition of: Radiography in veterinary technology / Lisa M. Lavin. 5th ed. c2014. |
| 504 ## - BIBLIOGRAPHY, ETC. NOTE | |
| Bibliography, etc. note | Includes bibliographical references and index. |
| 505 0# - FORMATTED CONTENTS NOTE | |
| Formatted contents note | The basics of atoms and electricity -- Diagnostic x-ray production -- Radiobiology and radiation protection for the patient and the worker -- Imaging on film -- Producing the image -- Optimizing the image -- Processing the image -- Computed radiography and digital imaging -- Quality control, testing, and artifacts -- Ultrasonography -- Flouroscopy -- Computerized tomography -- Magnetic resonance imaging -- Nuclear medicine and introduction to positron emission tomography -- Overview of positioning -- Small animal abdomen -- Small animal thorax -- Small animal forelimb -- Small animal pelvis and pelvic limb -- Small animal vertebral column -- Small animal skull -- Dental radiography -- Small animal special procedures -- Equine and large animal radiography -- Avian and exotic radiography. |
| 650 #0 - SUBJECT ADDED ENTRY--TOPICAL TERM | |
| Topical term or geographic name entry element | Veterinary radiography. |
| 650 #0 - SUBJECT ADDED ENTRY--TOPICAL TERM | |
| Topical term or geographic name entry element | Animal health technicians. |
| 700 1# - ADDED ENTRY--PERSONAL NAME | |
| Personal name | Brown, Lois C., |
| Relator term | author. |
| 700 1# - ADDED ENTRY--PERSONAL NAME | |
| Personal name | Lavin, Lisa M. |
| Title of a work | Radiography in veterinary technology. |
| Relationship information | Revision of (work): |
| 906 ## - LOCAL DATA ELEMENT F, LDF (RLIN) | |
| a | 7 |
| b | cbc |
| c | origcop |
| d | 2 |
| e | ncip |
| f | 20 |
| g | y-gencatlg |
| 942 ## - ADDED ENTRY ELEMENTS (KOHA) | |
| Source of classification or shelving scheme | Library of Congress Classification |
| Koha item type | Non-Fiction |
| Suppress in OPAC | No |
| Withdrawn status | Lost status | Source of classification or shelving scheme | Damaged status | Not for loan | Collection | Home library | Current library | Shelving location | Date acquired | Source of acquisition | Total Checkouts | Full call number | Barcode | Date last seen | Price effective from | Koha item type |
|---|---|---|---|---|---|---|---|---|---|---|---|---|---|---|---|---|
| Library of Congress Classification | Non-fiction | Kapasa Makasa University | Kapasa Makasa University | Open Access | 18.04.2023 | Book Aid | SF 757.8 Bro | 300193 | 18.04.2023 | 18.04.2023 | Non-Fiction | |||||
| Library of Congress Classification | Non-fiction | Kapasa Makasa University | Kapasa Makasa University | Open Access | 18.04.2023 | Book Aid | SF 757.8 Bro | 300192 | 18.04.2023 | 18.04.2023 | Non-Fiction | |||||
| Library of Congress Classification | Non-fiction | Kapasa Makasa University | Kapasa Makasa University | Open Access | 18.04.2023 | Book Aid | SF 757.8 Bro | 300191 | 18.04.2023 | 18.04.2023 | Non-Fiction | |||||
| Library of Congress Classification | Non-fiction | Kapasa Makasa University | Kapasa Makasa University | Open Access | 18.04.2023 | Book Aid | SF 757.8 Bro | 300190 | 18.04.2023 | 18.04.2023 | Non-Fiction | |||||
| Library of Congress Classification | Non-fiction | Kapasa Makasa University | Kapasa Makasa University | Open Access | 27.06.2024 | ZLS | SF 757.8 Bro | 300806 | 27.06.2024 | 27.06.2024 | Non-Fiction |